Land vs. Land #26 - Statistiken

Allgemein
  • Dieses Quiz wurde 29 mal gespielt
  • Das Durchschnittsergebnis liegt bei 11 aus 14
Antwortstatistiken
Frage Antwort % Korrekt
...Frieden? San Marino🇸🇲
100%
...Einwohner? Bahrain🇧🇭
96%
...Happy Planet Index? San Marino🇸🇲
96%
...Lebenserwartung? San Marino🇸🇲
96%
...Fläche? Bahrain🇧🇭
93%
...Militär? Bahrain🇧🇭
93%
...Exportmengen? Bahrain🇧🇭
85%
...HDI (Human Development Index)? San Marino🇸🇲
85%
...durchschnittlicher IQ? San Marino🇸🇲
81%
...Bruttoinlandsprodukt? Bahrain🇧🇭
78%
...Gesundheitswesen? San Marino🇸🇲
67%
...Tourismus? Bahrain🇧🇭
52%
...Gewinner? San Marino🇸🇲
52%
...Bruttoinlandsprodukt pro Kopf? San Marino🇸🇲
48%
Keine übereinstimmenden Quizze gefunden
Verteilung der Resultate
Anzahl Personen mit jedem Resultat
Perzentil nach korrekt beantworteten Fragen
Ihre Resultats-Entwicklung
Sie haben dieses Quiz noch nicht gespielt